Контроллеры VIPA, программируемые на STEP от Siemens; Промышленные контроллеры АСУ; № 1

Библиографические подробности
Источник:Промышленные контроллеры АСУ: ежемесячный научно-технический производственный журнал.— , 2002-
№ 1.— 2003.— С. 55-58
Главный автор: Егоров Е. В.
Язык:русский
Опубликовано: 2003
Серии:Технические средства АСУТП
Предметы:
Формат: Статья
Запись в KOHA:https://koha.lib.tpu.ru/cgi-bin/koha/opac-detail.pl?biblionumber=384595

MARC

LEADER 00000naa2a2200000 4500
001 384595
005 20231101063247.0
035 |a (RuTPU)RU\TPU\prd\11479 
090 |a 384595 
100 |a 20030314a2003 k y0rusy50 ca 
101 0 |a rus 
102 |a RU 
200 1 |a Контроллеры VIPA, программируемые на STEP от Siemens  |f Е. В. Егоров 
225 1 |a Технические средства АСУТП 
461 1 |0 (RuTPU)RU\TPU\prd\2287  |t Промышленные контроллеры АСУ  |o ежемесячный научно-технический производственный журнал  |d 2002- 
463 1 |0 (RuTPU)RU\TPU\prd\11484  |t № 1  |v С. 55-58  |d 2003 
610 1 |a зарубежные фирмы 
610 1 |a программируемые контроллеры 
700 1 |a Егоров  |b Е. В. 
801 1 |a RU  |b 63413507  |c 20030314  |g PSBO 
801 2 |a RU  |b 63413507  |c 20030318  |g PSBO 
942 |c BK